| 000 | 00742cam a2200205 4500 | ||
|---|---|---|---|
| 008 | 081220s2003 mx 000 0 spa u | ||
| 020 | _a9688595012 | ||
| 035 | _aa476448 | ||
| 100 | 1 | _aMendiola, Alfonso. | |
| 245 | 1 | 0 |
_aRetorica, comunicación y realidad : _bla construcción retorica de las batallas en las crónicas de la conquista / _cAlfonso Mendiola. |
| 260 |
_aMexico : _bUniversidad Iberoamericana, _c2003 |
||
| 300 |
_a432 p. ; _c23 cm. |
||
| 440 | 3 | _aEl Mundo sobre el papel | |
| 504 | _aIncluye bibliografías | ||
| 506 | _aRec. Esc. | ||
| 600 | 1 | 7 |
_aDiaz del Castillo, Bernal, _d1496-1584. _xCritica e interpretación _2Lemb |
| 650 | 7 |
_aNarración (Retórica) _2Lemb |
|
| 942 |
_2lcc _cLIB |
||
| 999 |
_c61537 _d61537 |
||